[Event "Viljandi Raud Memorial 48th"]
[Site "Viljandi"]
[Date "2014.06.30"]
[Round "1"]
[White "Orlov, Roman"]
[Black "Meskovs, Nikita"]
[Result "0-1"]
[WhiteElo "1806"]
[BlackElo "2451"]
[PlyCount "64"]
[EventDate "2014.06.30"]
[EventType "swiss"]
[EventRounds "9"]
[EventCountry "EST"]
[SourceTitle "CBM 161 Extra"]
[Source "ChessBase"]
[SourceDate "2014.08.29"]
[SourceVersion "1"]
[SourceVersionDate "2014.08.29"]
[SourceQuality "1"]

1. e4 c5 2. Nf3 e6 3. d4 cxd4 4. Nxd4 a6 5. Nc3 Qc7 6. Be2 Nf6 7. 0-0 Be7 8. Be3 d6 9. f4 b5 10. Bf3 Bb7 11. a3 Nbd7 12. Nb3 Rc8 13. Qe1 0-0 14. Rd1 Rfd8 15. g4 Nc5 16. Nxc5 dxc5 17. Rxd8+ Rxd8 18. Qf2 b4 19. axb4 cxb4 20. Bb6 Qc4 21. Ne2 Nxe4 22. Bxe4 Qxe4 23. Ng3 Qc6 24. g5 b3 25. c3 Rd3 26. Bd4 Qd5 27. h4 Bd6 28. Qh2 a5 29. Nh5 Bc5 30. Bxc5 Qxc5+ 31. Qf2 Qd5 32. Ng3 Rd2 0-1